000 00650nam a2200181 4500
001 109472
003 ES-MaACL
005 20230906184841.0
007 t|
008 061121s1936 sp r ||||1| spa d
100 1 _aMitchell, Philip H.
_981683
245 1 0 _aTratado de Fisiología General para médicos y estudiantes /
_cpor Philip H. Mitchell; Traducción de la 2ª edición norteamericana, por el Dr. A. Oriol Anguera y el Dr. Jorge Folch Pi.
260 _aBarcelona :
_bLabor,
_c1936.
300 _aXV, 80 p. :
_bil. ;
_c20 cm.
700 1 _aOriol Anguera, Antonio.
_987265
700 1 _aFolch Pi, Jorge.
_951457
852 _aES-MaACL
_jA-4491
999 _c109472
_d109472